000
00297nam a2200109Ia 4500
008
220204s9999 xx 000 0 und d
082
_a
681.31
_b
SLA
245
0
_a
Minicomputers: Uses and methods of evaluation
260
_a
New York
_b
Alexander Hamilton
_c
1980
700
_a
Slay, Joseph
942
_c
BK
999
_c
36923
_d
36923